000 00249nam a2200109Ia 4500
008 220204s9999 xx 000 0 und d
082 _a82-3
_bSAR
100 _aSartre, Jean-Paul
245 0 _aNausea
260 _aEngland
_bPenguin
_c1979
942 _cBK
999 _c33040
_d33040